| 000 | 00381 a2200121 4500 | ||
|---|---|---|---|
| 001 | ART_13877 | ||
| 005 | 20260410161911.0 | ||
| 008 | 260409a | ||
| 245 | 1 | 0 | _aEmpirical comparison of the shape of welfare functions |
| 100 | 1 | _aKapteyn, Arie | |
| 700 | 1 | _avan Herwaarden, Floor G. | |
| 773 | 0 |
_tEuropean economic review _g- Vol. 15, NÂș 3 (mar.1981) _wREV13346 |
|
| 999 |
_c26852 _d26852 |
||